000 00360nam a2200145Ia 4500
008 230312s9999||||xx |||||||||||||| ||und||
020 _a979-97171-8-3
082 _a728.3094
_bFUR
245 0 _aFurniture for Palaces
260 _bIdea Books
_aIndonesia
_c2004
300 _a115
546 _aEng.
650 _aArchitecture
_vFurniture for Palaces
942 _cBK
999 _c7525
_d7525